Представление документа в формате RUSMARC

ПолеНазваниеЗначение
  Тип записи a
  Библиографический уровень m
001 Контрольный номер 71a36653edc44e5c985017235c1f922b
005 Дата корректировки 20140604114921.8
010 Индекс ISBN __
a ISBN 978-5-394-00456-8
101 Язык документа 0_
a Язык текста rus
102 Страна публикации __
a Страна публикации RU
200 Заглавие и сведения об ответственности 1_
a Заглавие Оптовая и розничная торговля: бухучет и налогообложение
e Сведения, относящиеся к заглавию учеб.-практ. пособие
f Первые сведения об ответственности А. Ю. Громова, И. Н. Пашкина, Е. А. Рыхлова
210 Выходные данные 1_
c Издательство Дашков и К
a Место издания М.
d Дата издания 2009
215 Физическое описание __
a Объем 268, [2] с.
610 Ключевые слова 0_
a Ключевые слова бухгалтерский учет
610 Ключевые слова 0_
a Ключевые слова налоговый учет
610 Ключевые слова 0_
a Ключевые слова оптовая торговля
610 Ключевые слова 0_
a Ключевые слова розничная торговля
610 Ключевые слова 0_
a Ключевые слова налогообложение
610 Ключевые слова 0_
a Ключевые слова налоги
610 Ключевые слова 0_
a Ключевые слова учебно-практическое пособие
686 Индексы других классификаций __
a Классификационный индекс 65.052.9(2)242я73
2 Код системы rubbk
700 Автор _1
a Фамилия Громова
b Имя А. Ю.
701 Альтернативная интеллектуальная ответственность _1
a Фамилия Пашкина
b Имя И. Н.
701 Альтернативная интеллектуальная ответственность _1
a Фамилия Рыхлова
b Имя Е. А.
801 Источник записи _0
a Страна RU
b Организация РУК
c Дата составления 20100628
g Правила каталогизации PSBO
801 Источник записи _1
a Страна RU
b Организация РУК
c Дата составления 20100628
g Правила каталогизации PSBO
852 Данные о местонахождении __
i Авторский знак Г 87
j Шифр хранения ББК 65.052
901 Тип документа __
t Тип документа m
938 Служебная информация __
a Название организации Головной вуз
b Имя БД BOOK
c Название АИБС АИБС ИРБИС